Návrh zlepšenia implementácie finančného controllingu v priemyselnom podniku ZF Slovakia, a. s.

Salvato in:
Dettagli Bibliografici
Autore principale: Vidličková, Silvia (Autore)
Altri autori: Baran, Dušan (Relatore della tesi)
Natura: Manoscritto Libro
Lingua:slovacco
Pubblicazione: 2017
Soggetti:
Accesso online:http://is.stuba.sk/zp/portal_zp.pl?podrobnosti=126304
Tags: Aggiungi Tag
Nessun Tag, puoi essere il primo ad aggiungerne!!

MARC

LEADER 00000ntm a22000003a 4500
001 stuzp63546
003 SK-STU
005 20170603210533.2
007 ta
008 150427s2015----xo-----f-mn---000-0-slo-d
040 |a STU  |b slo 
041 0 |a slo 
100 1 |a Vidličková, Silvia  |u 064000  |k Z4  |4 aut  |U MTF Materiálovotechnologická fakulta  |T MTF Ústav priemyselného inžinierstva a manažmentu  |X 46782  |U M4000  |Y 84  |7 46782 
242 0 1 |a Proposal of improvement of financial controlling implementation in industry company ZF Slovakia, a.s.  |y eng 
245 1 0 |a Návrh zlepšenia implementácie finančného controllingu v priemyselnom podniku ZF Slovakia, a. s. 
260 |c 2017 
650 4 |a riadenie  |2 slo 
650 4 |a controlling  |2 slo 
650 4 |a pohľadávky  |2 slo 
650 4 |a spoločnosť  |2 slo 
650 4 |a receivables  |2 eng 
650 4 |a financial controlling  |2 eng 
650 4 |a company  |2 eng 
700 1 |a Baran, Dušan  |u 064000  |k Z1  |4 ths  |U MTF Materiálovotechnologická fakulta  |T MTF Ústav priemyselného inžinierstva a manažmentu  |X 1021  |U M4000  |Y 84  |7 A000001021 
856 4 |u http://is.stuba.sk/zp/portal_zp.pl?podrobnosti=126304 
996 |c M* DP-13300  |l MMSKP  |s P  |a 0  |w stuzp63546_0001